• 首页
  • 本馆介绍
  • 公告通知
  • 最新文献
  • 馆藏检索
  • 电子资源
  • 读者导购
  • 参考咨询
  • 我的图书馆
  • 登录
  • 详细信息显示
  • 放入我的书架
  • 预约/预借图书
  • 作者相关作品
  • 分类相关作品
  • 丛书相关作品
  • 出版社相关作品

书目信息

  • 表格格式
  • 工作单格式
  • 卡片格式
题名:
初等几何复习与研究
    
 
作者: ;上海市中学教师进修教材编写组 著
分册:  
出版信息: 上海   上海教育出版社  1981
页数: 478页
开本: 19cm
丛书名:
单 册:
中图分类: G633.6 , O123.2
科图分类:
主题词: 初等数学 , 初等几何--高等师范教育--教材
电子资源:
ISBN:
000 00825nam0 2200265 45
001 0181009958
005 20070727171218.71
010    @dCNY1.25
091    @a7150.2464
100    @a19950525d1981 demy0chiy0121 ea
101 0  @achi
102    @aCN@b310000
105    @ay z 000yy
200 10 @a初等几何复习与研究@Achu deng ji he fu xi yu yan jiu@e立体部分@f上海市中学教师进修教材编写组著
210    @a上海@c上海教育出版社@d1981
215    @a478页@d19cm
300    @a上海市中学教师进修教材
606 0  @a初等数学
606    @a初等几何@x高等师范教育@x教材
690    @aG633.6@v3
690    @aO123.2@v3
711 02 @a上海市中学教师进修教材编写组@Ashang hai shi zhong xue jiao shi jin xiujiao cai bian xie zu@4著
801  2 @aCN@bNLC@c20070727
801  0 @aCN@b上海图书馆@c20061118
905    @dO123.2@e22@f1@b160736
    
    初等几何复习与研究:立体部分/上海市中学教师进修教材编写组著.-上海:上海教育出版社,1981
    478页;19cm
    上海市中学教师进修教材
    
    ISBN :CNY1.25
    
●
相关链接 在E读中查询图书 在五车中查询图书 在当当中查询图书 在豆瓣中查询图书


正题名:初等几何复习与研究     索取号:O123.2/22         预约/预借

序号 登录号 条形码 馆藏地/架位号 状态 备注
1 0160735   001243247   密集书库/ [索取号:O123.2/22] 在馆    
2 0160736   001941386   密集书库/ [索取号:O123.2/22] 在馆    
3 0160737   001243238   第三借阅区/ [索取号:O123.2/22] 在馆    
4 0160738   001243274   第二样本阅览室/ [索取号:O123.2/22] 在馆    
5 0786672   207866727   密集书库/ [索取号:O123.2/22] 在馆    
唐山师范学院图书馆 欢迎您!
大连网信软件有限公司© 版权所有